Las Clases sociales en América Latina /
Guardat en:
| Autor principal: | |
|---|---|
| Altres autors: | , , , , , , , , , , , |
| Format: | Text |
| Idioma: | Spanish |
| Publicat: |
México D.F.:
Siglo XIX
1977
|
| Edició: | 4 |
| Matèries: | |
| Etiquetes: |
Afegir etiqueta
Sense etiquetes, Sigues el primer a etiquetar aquest registre!
|
MARC
| LEADER | 00000 a a2200000 04500 | ||
|---|---|---|---|
| 001 | 24978 | ||
| 003 | cru CIDCACS/IIS | ||
| 005 | 20171110121606.0 | ||
| 008 | 171110b xxu||||| |||| 00| 0 spa d | ||
| 999 | |c 40588 |d 40588 | ||
| 020 | |a [sin ISBN] | ||
| 022 | |a [sin ISBN] | ||
| 040 | |c CIDCACS/IIS | ||
| 090 | |a 05.03.05 B467c | ||
| 100 | |a Benítez Zenteno, Raúl | ||
| 245 | |a Las Clases sociales en América Latina / |c Raúl Benítez Zenteno | ||
| 250 | |a 4 | ||
| 260 | |a México D.F.: |b Siglo XIX |c 1977 | ||
| 300 | |a 453 páginas | ||
| 650 | |a CLASES SOCIALES/ESTRATIFICACION SOCIAL/SISTEMAS ECONOMICOS/MARXISMO | ||
| 700 | |a coord | ||
| 700 | |a Fernández, Florestan | ||
| 700 | |a Poulantzas, Nicos | ||
| 700 | |a Cardoso, Fernando Henrique | ||
| 700 | |a Touraine, Alain | ||
| 700 | |a Castells, Manuel | ||
| 700 | |a Graciarena, Jorge | ||
| 700 | |a Martínez Ríos, Jorge | ||
| 700 | |a Rangell Contla, José Calixto | ||
| 700 | |a Stavenhagen, Rodolfo | ||
| 700 | |a Torres Rivas, Edelberto | ||
| 700 | |a Wef | ||
| 942 | |2 ddc |c LI | ||
